| 000 | 00580nam a22002177a 4500 | ||
|---|---|---|---|
| 003 | EC-GqESP | ||
| 005 | 20250527131815.0 | ||
| 008 | 250527b |||||||| |||| 00| 0 eng d | ||
| 020 | _a978-0-19-927029-3 | ||
| 041 | _aENG | ||
| 082 | _a547 | ||
| 100 | _aClayden, Jonathan | ||
| 245 |
_aOrganic chemistry _cNick Grevees; Stuart Warren |
||
| 250 | _aSecond Edition | ||
| 260 |
_aNew York _bOXFORD UNIVERSITY PRESS _c2012 |
||
| 300 |
_a1234 p. _bIndice _c28.5x30.5 cm |
||
| 650 | _aQuímica orgánica | ||
| 700 | _aGrevees, Nick | ||
| 700 | _aWarren, Stuart | ||
| 942 | _c01 | ||
| 999 |
_c237952 _d237952 |
||